000 00294nam a22001337a 4500
008 170419b xxu||||| |||| 00| 0 eng d
020 _a9781555811426
041 _aeng
080 _a579
100 _a11
101 _aSHM
245 _aMILESTONES MICROBIOLOGY
_cBROCK.TH.D
942 _2udc
_cBK
999 _c11157
_d11157